New light on the Punjab distribution in 1919: Volumes 6 and 8 of disorders inquiry committee evidence. V1. (Record no. 186816)
[ view plain ]
| 000 -LEADER | |
|---|---|
| fixed length control field | 00458nam a2200145Ia 4500 |
| 008 - FIXED-LENGTH DATA ELEMENTS--GENERAL INFORMATION | |
| fixed length control field | 230917s9999||||xx |||||||||||||| ||und|| |
| 040 ## - CATALOGING SOURCE | |
| -- | 57185 |
| Original cataloging agency | VIVEKANANDA LIBRARY |
| 041 ## - Language | |
| -- | English |
| 082 ## - DDC NUMBER | |
| Classification number | 954.5 D262N |
| 100 ## - MAIN ENTRY--PERSONAL NAME | |
| Personal name | Datta, V N, ed. |
| 245 #0 - TITLE STATEMENT | |
| Title | New light on the Punjab distribution in 1919: Volumes 6 and 8 of disorders inquiry committee evidence. V1. |
| 260 ## - PUBLICATION, DISTRIBUTION, ETC. (IMPRINT) | |
| Place of publication, distribution, etc | Shimla |
| Name of publisher, distributor, etc | Indian Institute of Advanced Study |
| Date of publication, distribution, etc | 1975 |
| 300 ## - PHYSICAL DESCRIPTION | |
| Pages | viii, 882 p. |
| 942 ## - ADDED ENTRY ELEMENTS (KOHA) | |
| Koha item type | Books |
| Withdrawn status | Lost status | Damaged status | Not for loan | Location (home branch) | Sublocation or collection (holding branch) | Date acquired | Koha issues (times borrowed) | Koha full call number | Accession No. | Koha date last seen | Koha item type |
|---|---|---|---|---|---|---|---|---|---|---|---|
| VIVEKANANDA LIBRARY | VIVEKANANDA LIBRARY | 24/12/2002 | 954.5 D262N | 42691 | 17/09/2023 | Books |
